1056 1160 1513 1103 1007 1419 1909 1273 1251 1481 1277 1970 1315 1157 1783 1661 1671 1751 1063 1218 1405 1824 1430 1578 1285 1260 1482 1168 1332 1457 1026 1954 1939 1881 1557 1073 1735 1275 1994 1847 1914 1841 1337 1192 1333 1784 1766 1056 1441 1707 1035 1961 1678 1936 1089 1951 1891 1398 1800 1897 1238 1493 1417 1710 1487 1857 1197 1293 1053 1548 1011 1146 1289 1129 1134 1222 1706 1378 1266 1983 1504 1276 1657 1577 1798 1853 1623 1710 1543 1001 1865 1050 1941 1694 1515 1960 1515 1720 1805 BCNSPRNW ULIB Ver.6.0+V

เปลี่ยนเป็นภาษาไทย

Change to English
 แสดงรายละเอียดบรรณานุกรม
  กลับหน้าหลัก

Brief Record : Get Marc (ISO 2709) : E-mail record : QR code < ปิดหน้าต่าง
LEADER : 00000nam 2200000uu 4500
001    13399122589
003     ULIB
008    020711s2542 th a 000 0 tha d
020    9748703177
050    QL^bส848ผ
100    สุรชัย ชลดำรงค์กุล
245    ผีเสื้อ : คู่มือสำรวจและสื่อความหมายธรรมชาติ./^cสุรชัย ชลดำรงค์กุล,ศุภชัย แพเทพย์ และพงษ์เทพ ทับเที่ยง
260    กรุงเทพฯ :^bสตรีท พริ้นติ้ง,^c2542
300    252 หน้า
650    ผีเสื้อ
700    ศุภชัย แพเทพย์
700    พงษ์เทพ ทับเที่ยง
945    ^p358^l0^i20034
รายการนี้ยังไม่มีแท็ก
คุณยังไม่ได้ล็อกอิน คุณสามารถมีกิจกรรมร่วมกับเว็บไซต์ได้ แต่ต้องล็อกอินก่อน ::
  ล็อกอิน

รายการสื่อสารสนเทศ

ลำดับที่ ประเภท เลขเรียก/บาร์โค้ด สถานที่ สถานะ
1. การศึกษาทั่วไป
การศึกษาทั่วไป
QL ส848ผ ฉ.1 
  Barcode: 20034
ห้องสมุดวิทยาเขตสวรรค์ประชารักษ์
►หนังสือทั่วไป
บนชั้น

BibComment


ยังไม่เคยถูกคอมเมนท์

คอมเมนท์ทรัพยากรรายการนี้
  คอมเมนท์: ผีเสื้อ คู่มือสำ..


 Copyright 2026. Bcnsprnw @Library